| 000 | 01016nam0a2200241 4500 | ||
|---|---|---|---|
| 001 | RU\NLR\BIBL_A\012132058 | ||
| 005 | 20250623213144.0 | ||
| 035 | _a(NLR Aleph) 012132058 | ||
| 090 |
_a13298392 _c13298392 |
||
| 100 | _a20191107d1989 |||y0rusy50 ca | ||
| 101 | 0 | _aaze | |
| 102 | _aAZ | ||
| 105 | _ay z 000 y | ||
| 200 | 1 |
_aМүәллим- шаҝирд үнсиjjәти мәсәләләринә _e(методик төвсиjә) _fАзәрб.ССР Халг Тәһс. наз. Респ. Тәдрис-Методика мәрк. _g[тәрт. ед.: К. Кәримов, пед.елм. нам.] |
|
| 210 |
_aБакы _cРесп. Тәдрис-Методика мәрк. _d1989 |
||
| 215 |
_a54 с. _d20 |
||
| 320 | _aБиблиогр. с. 52-54 (39 назв.) | ||
| 541 | 1 |
_aВопросы общения '' учитель-ученик'' _e(метод. рекомендации) |
|
| 702 | 1 |
_aКәримов _bК. _gКәрим _4220 |
|
| 852 |
_aNLR _bОНЛ _jАзерб./2-23441 |
||
| 942 | _cBOOK | ||
| 980 | _aNB | ||